| 000 | 00728 a2200169 4500 | ||
|---|---|---|---|
| 999 |
_c938 _d938 |
||
| 020 | _a9781116196436 | ||
| 050 | 0 | 0 | _aE468.5 CUS 1900 |
| 100 | 1 |
_aCussons, John, _d1838-1912. |
|
| 245 | 1 | 0 |
_aUnited States "history" as the Yankee makes and takes it, _cby a Confederate soldier. |
| 264 |
_aCussons: _bGlen Allen., _c1900 |
||
| 300 | _a2 p. l., 7-99 p. | ||
| 500 | _aSame, with the addition of "Criticisms" as p. [11]-71 of his A glance at current history, Glen Allen, 1899; and also published separately under title: A glance at current American history ... Glen Allen, Va., 1897. | ||
| 650 | _aUnited States | ||
| 651 | 0 | _aUnited States | |
| 856 | 4 | 1 | _uhttp://hdl.loc.gov/loc.gdc/scd0001.00137006637 |
| 942 |
_2lcc _cBK _h468.5 _iCUS _kE |
||